Los 25 temas ms̀ frecuentes en la vida prc̀tica del derecho de familia

Bibliographic Details
Other Authors: Lled ̤Yagüe, Francisco, Sǹchez Sǹchez, Alicia, Monje Balmaseda, Óscar
Format: Book
Language:Spanish
Published: Madrid : Dykinson, DL 2011
Subjects:
Online Access:Acceso restringido

MARC

LEADER 00000nam a2200000 a 4500
005 20111010104348.0
008 110225s2011 sp |||| |||| 000 0 spa|c
017 |a DL SE. 596-2011 
020 |a 9788499820965 (o.c.) 
020 |a 9788499820972 (vol. 1) 
020 |a 9788499820989 (vol. 2) 
035 |a 5867 
040 |d vLex 
080 |a 347.626(460) 
090 |c 2638  |d 2638 
245 0 4 |a Los 25 temas ms̀ frecuentes en la vida prc̀tica del derecho de familia   |h [Recurso electrn̤ico] /  |c Francisco Lled ̤Yagüe, Alicia Sǹchez Sǹchez (directores) ; Óscar Monje Balmaseda (coordinador) 
246 3 |a Veinticinco temas ms̀ frecuentes en la vida prc̀tica del derecho de familia 
256 |a Servicio en ln̕ea. 
260 |a Madrid :  |b Dykinson,  |c DL 2011 
300 |a 1 recurso electrn̤ico 
504 |a Incluye bibliografa̕ 
505 8 |a Contiene: T.1: Parte sustantiva ; T.2: Parte registral y otros temas del procedimiento 
506 1 |a Contenido solo disponible en los productos indicados  |d vLex Global  |d vLex Global (Academic Edition, excluding Law Schools)  |d vLex Global (U.S. Academic Edition, Law Schools)  |d vLex Global (U.S. Academic Edition, excluding Law Schools)  |d vLex Global (Academic Edition, Law Schools) 
650 0 4 |a Derecho de familia  |z Espaą 
700 1 |a Lled ̤Yagüe, Francisco 
700 1 |a Sǹchez Sǹchez, Alicia 
700 1 |a Monje Balmaseda, Óscar 
740 0 |a vLex Libros (Servicio en ln̕ea) 
856 4 0 |u http://vlex.com/source/25-temas-frecuentes-vida-practica-derecho-familia-tomo-i-parte-sustantiva-5867  |z Acceso restringido 
907 |i   
942 |c BOOK